00417cam a22001453a 4500020002400000040000800024082002600032100001700058245002700075260003600102300002100138490002900159500002600188710005700214 a0590685376 (pbk.) : cOCO a813 SCH 1999 A094 Or.1 aStine, R. L.10aEarth geeks must go! / aNew York :bScholastic,cc1999. a114 p. ;c20 cm.1 aGoosebumps series 2000 ; a"An Apple paperback."2 aCopyright Paperback Collection (Library of Congress)